Jóvenes: ¿En busca de una identidad perdida?
Wedi'i Gadw mewn:
| Awdur Corfforaethol: | |
|---|---|
| Fformat: | Texto |
| Cyhoeddwyd: |
Santiago:
CEJU
|
| Pynciau: | |
| Tagiau: |
Ychwanegu Tag
Dim Tagiau, Byddwch y cyntaf i dagio'r cofnod hwn!
|
MARC
| LEADER | 00000 a a2200000 04500 | ||
|---|---|---|---|
| 001 | 27849 | ||
| 003 | |||
| 040 | |||
| 090 | |a 186509 | ||
| 110 | |a Universidad Católica Cardenal Raúl Silva Henríquez. Vicerrectoría Académica. Centro de Estudios en Juventud | ||
| 245 | |a Jóvenes: ¿En busca de una identidad perdida? | ||
| 260 | |a Santiago: |b CEJU | ||
| 650 | |a DISCIPLINA | ||
| 650 | |a DOCENTES | ||
| 650 | |a ESCUELAS | ||
| 650 | |a EDUCACION | ||
| 650 | |a ENTREVISTAS | ||
| 999 | |c 15359 |d 15359 | ||
